| 000 | 00369nam a2200145Ia 4500 | ||
|---|---|---|---|
| 005 | 20251222143258.0 | ||
| 008 | 251222s9999||||xx |||||||||||||| ||spa|| | ||
| 020 | _a8474912407 | ||
| 082 | _a342.51/P42 | ||
| 100 | _aPeƱaranda, Antonio | ||
| 245 | 0 | _aLa Costumbre en el Derecho Internacional | |
| 250 | _a1ra. ed. | ||
| 264 | _bUniversidad Complutense | ||
| 942 | _cLIB | ||
| 999 |
_c15223 _d15223 |
||